Podiums du meilleur de gardien de football de l'année - Statistiques

Statistiques générales
  • Ce quiz a été pris 84 fois
  • Le résultat moyen est 40 sur 67
Statistiques - réponses
Premier % Correct
Thibaut Courtois
100%
Thibaut Courtois
100%
Gianluigi Buffon
99%
Gianluigi Buffon
99%
Gianluigi Buffon
99%
Gianluigi Buffon
99%
Gianluigi Buffon
99%
Manuel Neuer
99%
Manuel Neuer
99%
Manuel Neuer
99%
Manuel Neuer
99%
Manuel Neuer
99%
Gianluigi Donnarumma
96%
Gianluigi Donnarumma
96%
Hugo Lloris
94%
Emiliano Martinez
93%
Iker Casillas
93%
Iker Casillas
93%
Iker Casillas
93%
Iker Casillas
93%
Iker Casillas
93%
Alisson
92%
Keylor Navas
88%
Petr Cech
86%
Oliver Kahn
83%
Oliver Kahn
83%
Oliver Kahn
83%
Marc-André ter Stegen
82%
Yann Sommer
81%
Fabien Barthez
79%
Jan Oblak
79%
Ederson
78%
Edouard Mendy
78%
Edwin van der Sar
72%
Yassine Bounou
72%
Peter Schmeichel
69%
Peter Schmeichel
69%
Dida
68%
Victor Valdes
65%
Rui Patricio
60%
Unai Simon
56%
Julio César
51%
Claudio Bravo
49%
Giorgi Mamardashvili
49%
Jens Lehmann
35%
José Luis Chilavert
35%
José Luis Chilavert
35%
José Luis Chilavert
35%
Francesco Toldo
25%
Michel Preud'homme
25%
Claudio Taffarel
19%
David Seaman
18%
Rustu Reçber
10%
Angelo Peruzzi
7%
Jean-Marie Pfaff
7%
Andreas Köpke
6%
Walter Zenga
6%
Walter Zenga
6%
Walter Zenga
6%
Thomas Ravelli
4%
Andoni Zubizarreta
3%
Jorge Campos
3%
Hans van Breukelen
1%
Rinat Dasaev
1%
Gabelo Conejo
0%
Oscar Cordoba
0%
Sergio Goycochea
0%
Aucun quiz correspondant
Distribution des résultats
% des personnes avec chaque résultat
Percentile par nombre de réponses
Votre historique - résultats
Vous n’avez pas pris ce quiz